Florencja - quiz wielokrotnego wyboru - Statystyki

Ogólne statystyki
  • Ten quiz został rozwiązany 656 razy
  • Średni wynik to 7 z 10
Statystyki odpowiedzi
Zagadnienie Odpowiedź % Poprawnych
Florencja jest uważana za miejsce narodzin ... Renesansu
92%
Jak nazywa się region, którego stolicą jest Florencja? Toskania
85%
Jaka jest nazwa dla Florencji w jej ojczystym języku? Firenze
78%
Która z poniższych osób urodziła się w małej miejscowości ok. 25km od Florencji? Leonardo da Vinci
78%
Który z poniższych dzieł sztuki można znaleźć we Florencji? Dawid (rzeźba)
70%
Który florencki autor napisał "Księcia", czyli poradnik dla władców? Niccolò Machiavelli
68%
Jak nazywa się najbardziej znany most we Florencji? Ponte Vecchio
68%
Czym jest Uffizi? Galerią sztuki
63%
Która z poniższych rodzin niegdyś rządziła Florencją? Medyceusze
63%
Jaka rzeka płynie przez Florencję? Arno
51%
Nie znaleziono quizów pasujących do podanych kryteriów
Rozkład punktacji
Procent ludzi z każdym wynikiem
Percentyl według liczby udzielonych odpowiedzi
Twoja historia wyników
Nie rozwiązałeś tego quizu